| 000 | 00553nam a22002177a 4500 | ||
|---|---|---|---|
| 003 | Ost | ||
| 005 | 20240507142043.0 | ||
| 008 | 240507b |||||||| |||| 00| 0 eng d | ||
| 020 | _a9788126541607 | ||
| 040 | _cBT-PhCST | ||
| 050 | _a24915 | ||
| 082 |
_222 _a620.1 _bCAL |
||
| 100 | _aCallister, William D. | ||
| 245 | _aMaterials science and engineering : | ||
| 250 | _a2nd ed. | ||
| 260 |
_aIndia : _bWiley, _cc2014 |
||
| 300 |
_axviii, 450 p. : _bill. ; _c26 cm. |
||
| 500 | _aIncludes index. | ||
| 700 | _aRethwisch, David G. | ||
| 942 |
_2ddc _cMEC |
||
| 999 |
_c9764 _d9764 |
||